000 00295nam a2200109Ia 4500
008 210107s9999 xx 000 0 und d
100 _aHampton, John J.
245 0 _aFinancial Decision Making : Concepts, Problems and Cases
260 _aReston
_bReston Publishing
300 _a641
942 _cBK
999 _c11350
_d11350